[Event "Moratalaz Open 2007"]
[Site "Madrid ESP"]
[Date "2007.09.21"]
[Round "7.12"]
[White "Ivanovich Balsinde, Nicholas"]
[Black "Sanchez Crespo, Ignacio"]
[Result "0-1"]
[WhiteElo "2151"]
[BlackElo "1972"]
[PlyCount "44"]
[EventDate "2007.09.15"]
[EventType "swiss"]
[EventRounds "9"]
[EventCountry "ESP"]
[Source "lmi"]
[SourceDate "2007.09.13"]

1. e4 c5 2. Nf3 d6 3. d4 cxd4 4. Nxd4 Nf6 5. Nc3 g6 6. Be3 Bg7 7. Qd2 O-O 8. f3
Nc6 9. Bc4 Bd7 10. O-O-O Rc8 11. Bb3 Ne5 12. Kb1 Nc4 13. Bxc4 Rxc4 14. h4 h5
15. Nde2 b5 16. Bh6 b4 17. Bxg7 Kxg7 18. Nd5 Nxd5 19. Qxd5 Be6 20. Qd2 Qa5 21.
Nd4 Rfc8 22. Rc1 Qxa2+ 0-1

[Event "Moratalaz Open 2007"]
[Site "Madrid ESP"]
[Date "2007.09.21"]
[Round "7.13"]
[White "Unciti Juan, Javier"]
[Black "Burlacu, Laurentiu"]
[Result "1-0"]
[WhiteElo "2139"]
[BlackElo "1944"]
[PlyCount "83"]
[EventDate "2007.09.15"]
[EventType "swiss"]
[EventRounds "9"]
[EventCountry "ESP"]
[Source "lmi"]
[SourceDate "2007.09.13"]

1. d4 e6 2. c4 Nf6 3. Nc3 c5 4. d5 d6 5. e4 e5 6. f4 Bg4 7. Be2 Bxe2 8. Qxe2
Nbd7 9. Nf3 a6 10. O-O Qc7 11. fxe5 dxe5 12. Bg5 Be7 13. Nh4 g6 14. a3 h6 15.
Be3 Nh5 16. Nf3 Bd6 17. Qf2 O-O-O 18. Na4 f5 19. b4 f4 20. Bxc5 Ndf6 21. Bxd6
Rxd6 22. c5 Rdd8 23. d6 Qc6 24. Nb6+ Kb8 25. Qe2 Rhe8 26. Rfe1 g5 27. Nc4 g4
28. Nfxe5 Qb5 29. Qb2 Rxe5 30. Nxe5 f3 31. a4 Qe8 32. b5 a5 33. Nc6+ Ka8 34.
Nxd8 Qxd8 35. e5 Nd5 36. e6 Nhf6 37. e7 Qc8 38. Qd4 fxg2 39. Qxd5 Nxd5 40. e8=Q
Qxe8 41. Rxe8+ Ka7 42. b6+ 1-0

[Event "Moratalaz Open 2007"]
[Site "Madrid ESP"]
[Date "2007.09.21"]
[Round "7.14"]
[White "Adan, Sergio"]
[Black "Alcaraz Amoros, Antonio"]
[Result "0-1"]
[WhiteElo "1991"]
[BlackElo "2135"]
[PlyCount "82"]
[EventDate "2007.09.15"]
[EventType "swiss"]
[EventRounds "9"]
[EventCountry "ESP"]
[Source "lmi"]
[SourceDate "2007.09.13"]

1. c4 c6 2. Nf3 d5 3. b3 Bf5 4. g3 Nd7 5. Bb2 Ngf6 6. Bg2 e6 7. d3 Be7 8. O-O
h6 9. Nbd2 O-O 10. a3 Qc7 11. Qc2 Bh7 12. b4 Rac8 13. Rac1 a5 14. Qb3 axb4 15.
axb4 Ra8 16. Rfe1 Qb6 17. c5 Qc7 18. e4 Rfb8 19. exd5 Nxd5 20. Ne5 Rd8 21. Bxd5
cxd5 22. c6 Nxe5 23. Bxe5 Bd6 24. Bxd6 Rxd6 25. cxb7 Qxb7 26. Rc5 Rb8 27. Rec1
Bg6 28. b5 Rb6 29. Rb1 Qe7 30. Qc3 Bxd3 31. Rc1 Bc4 32. Nxc4 Qxc5 33. Nxb6 Qxc3
34. Rxc3 Rxb6 35. Rc8+ Kh7 36. Rc5 Kg6 37. f3 Kf6 38. Kf2 Ke7 39. Rc7+ Ke8 40.
Ra7 Rxb5 41. Ra8+ Ke7 0-1

[Event "Moratalaz Open 2007"]
[Site "Madrid ESP"]
[Date "2007.09.21"]
[Round "7.16"]
[White "Tejedor Ariza, Francisco"]
[Black "Garcia Esteban, Juan Ignacio"]
[Result "0-1"]
[WhiteElo "1951"]
[BlackElo "2080"]
[PlyCount "108"]
[EventDate "2007.09.15"]
[EventType "swiss"]
[EventRounds "9"]
[EventCountry "ESP"]
[Source "lmi"]
[SourceDate "2007.09.13"]

1. e4 c5 2. Nf3 Nc6 3. d4 cxd4 4. Nxd4 g6 5. Nc3 Bg7 6. Nxc6 bxc6 7. Be3 d6 8.
f4 Nf6 9. Be2 Qa5 10. Qd2 O-O 11. O-O Bg4 12. Bd3 Bc8 13. Nd5 Qd8 14. Nc3 Ng4
15. Rae1 Nxe3 16. Qxe3 Qa5 17. e5 Qb4 18. Rb1 Qb6 19. Qxb6 axb6 20. Rbe1 dxe5
21. fxe5 Be6 22. Rf4 Ra5 23. Rfe4 Rd8 24. a4 Bf5 25. R4e3 Bh6 26. Rf3 Bxd3 27.
Rxd3 Rxd3 28. cxd3 Bd2 29. Re4 Rc5 30. Rc4 Rxe5 31. Rxc6 Be3+ 32. Kf1 Bd4 33.
Rc8+ Kg7 34. Rd8 Rf5+ 35. Ke1 e5 36. Rd5 h5 37. Nd1 h4 38. b4 Rg5 39. g3 hxg3
40. hxg3 Rxg3 41. Kd2 Rg2+ 42. Kc1 g5 43. a5 bxa5 44. bxa5 Ra2 45. Kb1 Ra1+ 46.
Kc2 g4 47. Nc3 g3 48. Kb2 Bxc3+ 49. Kxc3 g2 50. Rxe5 g1=Q 51. Rd5 Rc1+ 52. Kb4
Qa7 53. Rg5+ Kf6 54. Rh5 Qb7+ 0-1

[Event "Moratalaz Open 2007"]
[Site "Madrid ESP"]
[Date "2007.09.21"]
[Round "7.17"]
[White "Garcia Salamero, Gabriel"]
[Black "Castejon Caballero, Andres"]
[Result "1-0"]
[WhiteElo "1919"]
[BlackElo "2038"]
[PlyCount "137"]
[EventDate "2007.09.15"]
[EventType "swiss"]
[EventRounds "9"]
[EventCountry "ESP"]
[Source "lmi"]
[SourceDate "2007.09.13"]

1. e4 c5 2. d3 Nc6 3. Nf3 d6 4. g3 g6 5. Bg2 Bg7 6. O-O e5 7. c3 Nge7 8. Nh4
O-O 9. Nd2 Be6 10. Nc4 d5 11. exd5 Nxd5 12. Re1 Rc8 13. Nf3 Qc7 14. Ng5 b5 15.
Nxe6 fxe6 16. Bh3 Rce8 17. Nd2 b4 18. Ne4 bxc3 19. bxc3 Nxc3 20. Nxc3 e4 21.
Bd2 Ne5 22. Rxe4 Nf3+ 23. Kh1 Bxc3 24. Bxc3 Ng5 25. Bg2 Nxe4 26. Bxe4 Rxf2 27.
Qe1 Ref8 28. Bg2 Qd6 29. Bh3 R8f3 30. Qxe6+ Qxe6 31. Bxe6+ Kf8 32. Bc4 Rc2 33.
Be5 Ke7 34. Bb8 Rff2 35. g4 Rb2 36. Re1+ Kd7 37. Bg3 Rfc2 38. Be5 Rb6 39. g5
Rf2 40. Bf6 Rfxf6 41. gxf6 Rxf6 42. Kg2 Rb6 43. Re5 Rb2+ 44. Kg3 Kd6 45. Re6+
Kc7 46. Re7+ Kd6 47. Rxa7 h5 48. Ra6+ Ke5 49. Rxg6 Kf5 50. Rd6 h4+ 51. Kxh4
Rxh2+ 52. Kg3 Rb2 53. Rd5+ Ke6 54. Rxc5+ Kd6 55. Rb5 Rc2 56. a4 Kc6 57. a5 Rc1
58. Rb2 Rg1+ 59. Kf3 Rg7 60. a6 Rh7 61. Ke4 Re7+ 62. Kd4 Rd7+ 63. Ke5 Re7+ 64.
Kf6 Rh7 65. Rb7 Rh8 66. Bb5+ Kd6 67. d4 Rf8+ 68. Rf7 Rb8 69. Rd7# 1-0

[Event "Moratalaz Open 2007"]
[Site "Madrid ESP"]
[Date "2007.09.21"]
[Round "7.18"]
[White "Sanchez Alvarez, Jorge"]
[Black "Garcia Garcia, Ruben"]
[Result "1-0"]
[WhiteElo "2037"]
[BlackElo "1888"]
[PlyCount "69"]
[EventDate "2007.09.15"]
[EventType "swiss"]
[EventRounds "9"]
[EventCountry "ESP"]
[Source "lmi"]
[SourceDate "2007.09.13"]

1. c4 e5 2. g3 g6 3. Bg2 Bg7 4. Nc3 Nc6 5. e4 Nge7 6. Nge2 O-O 7. O-O d6 8. d3
Be6 9. Nd5 Nd4 10. Nxd4 exd4 11. f4 Bxd5 12. cxd5 f5 13. Kh1 c6 14. Qb3 Qb6 15.
Qxb6 axb6 16. Re1 fxe4 17. Bxe4 c5 18. Bd2 Kh8 19. a3 Ng8 20. Bf3 Rae8 21. Re6
Rxe6 22. dxe6 Re8 23. Re1 Re7 24. g4 Nf6 25. Kg2 b5 26. Ba5 Ne8 27. Bd8 Bf8 28.
Bxe7 Bxe7 29. Bxb7 c4 30. dxc4 bxc4 31. Bd5 c3 32. bxc3 dxc3 33. Rc1 Bf6 34. g5
Bd4 35. Bc6 1-0

[Event "Moratalaz Open 2007"]
[Site "Madrid ESP"]
[Date "2007.09.21"]
[Round "7.19"]
[White "De la Fuente Gonzalez, Francisco"]
[Black "Nieto Esteban, Manuel"]
[Result "1-0"]
[WhiteElo "2230"]
[BlackElo "1908"]
[PlyCount "87"]
[EventDate "2007.09.15"]
[EventType "swiss"]
[EventRounds "9"]
[EventCountry "ESP"]
[Source "lmi"]
[SourceDate "2007.09.13"]

1. c4 e5 2. g3 Nf6 3. Bg2 Nc6 4. Nc3 Bc5 5. d3 d6 6. Nf3 h6 7. O-O Be6 8. Na4
Bb6 9. Nxb6 axb6 10. b3 Qc8 11. d4 exd4 12. Nxd4 Nxd4 13. Qxd4 Bh3 14. Qe3+ Be6
15. Bb2 Ng4 16. Qe4 O-O 17. Qxb7 Ne5 18. Bxe5 Qxb7 19. Bxb7 Rab8 20. Bxg7 Kxg7
21. Bg2 Rfe8 22. Bc6 Re7 23. e3 Bf5 24. Rfd1 Be4 25. Bxe4 Rxe4 26. a4 Kg6 27.
Kg2 f5 28. Kf3 Re5 29. h4 h5 30. Rd5 Re4 31. Rad1 Re6 32. R1d3 Ra8 33. R3d4 Rd8
34. Rf4 Re5 35. e4 fxe4+ 36. Rxe4 Rxe4 37. Rg5+ Kh6 38. Kxe4 c6 39. f4 Re8+ 40.
Kd3 Rb8 41. f5 Rd8 42. Ke4 d5+ 43. cxd5 cxd5+ 44. Kd4 1-0

[Event "Moratalaz Open 2007"]
[Site "Madrid ESP"]
[Date "2007.09.21"]
[Round "7.20"]
[White "Coleto Calderon, Jose Antonio"]
[Black "Garcia Reino, Eduardo Javier"]
[Result "1/2-1/2"]
[WhiteElo "2159"]
[BlackElo "1889"]
[PlyCount "98"]
[EventDate "2007.09.15"]
[EventType "swiss"]
[EventRounds "9"]
[EventCountry "ESP"]
[Source "lmi"]
[SourceDate "2007.09.13"]

1. e4 e5 2. Nf3 Nf6 3. Nxe5 d6 4. Nf3 Nxe4 5. d4 d5 6. Bd3 Bd6 7. O-O O-O 8. c4
c6 9. Nc3 Bg4 10. Bxe4 dxe4 11. Nxe4 Re8 12. Nxd6 Qxd6 13. Qd3 Bxf3 14. gxf3
Nd7 15. Bg5 Ne5 16. Bf4 Nxd3 17. Bxd6 Nxb2 18. c5 Nc4 19. Bf4 Re2 20. Rfc1 Nb2
21. Kf1 Re6 22. Rc3 b5 23. cxb6 axb6 24. Rac1 c5 25. dxc5 Na4 26. Ra3 bxc5 27.
Rxc5 Rea6 28. Rb5 h6 29. Rb8+ Rxb8 30. Bxb8 Rb6 31. Rxa4 Rxb8 32. Ra7 Rb1+ 33.
Kg2 Ra1 34. a4 g5 35. a5 Kg7 36. a6 Ra4 37. Ra8 f5 38. Ra7+ Kg6 39. Ra8 Kg7 40.
a7 Ra1 41. h3 h5 42. f4 g4 43. hxg4 hxg4 44. Kh2 Ra2 45. Kg3 Ra3+ 46. Kg2 Ra1
47. f3 Ra2+ 48. Kg3 Ra3 49. Kg2 Ra2+ 1/2-1/2

[Event "Moratalaz Open 2007"]
[Site "Madrid ESP"]
[Date "2007.09.22"]
[Round "8.1"]
[White "Roa Alonso, Santiago"]
[Black "Vazquez, Renier"]
[Result "1-0"]
[WhiteElo "2445"]
[BlackElo "2553"]
[PlyCount "105"]
[EventDate "2007.09.15"]
[EventType "swiss"]
[EventRounds "9"]
[EventCountry "ESP"]
[Source "lmi"]
[SourceDate "2007.09.13"]

1. e4 c5 2. Nf3 d6 3. c3 Nf6 4. h3 g6 5. Bd3 Bg7 6. O-O O-O 7. Bc2 e5 8. d4
cxd4 9. cxd4 Nc6 10. d5 Nb4 11. Bb3 Na6 12. Nc3 Nc5 13. Bc2 a5 14. Be3 b6 15.
a3 Ba6 16. Re1 Qc7 17. Rc1 Qb8 18. b4 Ncd7 19. Bd3 axb4 20. axb4 Rc8 21. Bxa6
Rxa6 22. Nb5 Nxe4 23. Qd3 Rxc1 24. Rxc1 Nec5 25. bxc5 bxc5 26. Nc3 Rb6 27. Nd2
f5 28. f3 Rb4 29. Nc4 Rb3 30. Bd2 Nf6 31. Qc2 Rb4 32. Qa2 Bf8 33. Qa6 Ne8 34.
Ra1 Nc7 35. Qa2 Ne8 36. Na4 Rb5 37. Bc3 Nf6 38. f4 Qb7 39. Rd1 Ne4 40. fxe5 Qa7
41. Nxd6 Nxd6 42. exd6 Bxd6 43. Qe2 c4+ 44. Bd4 Qd7 45. Nc3 Rb8 46. Qe6+ Qxe6
47. dxe6 Kf8 48. Ba7 Rb7 49. Rxd6 Rxa7 50. Nd5 Ra8 51. Rd7 c3 52. Rf7+ Ke8 53.
Nf6+ 1-0

[Event "Moratalaz Open 2007"]
[Site "Madrid ESP"]
[Date "2007.09.22"]
[Round "8.2"]
[White "Moreno Ruiz, Javier"]
[Black "Almagro Llanas, Pablo"]
[Result "1-0"]
[WhiteElo "2466"]
[BlackElo "2413"]
[PlyCount "77"]
[EventDate "2007.09.15"]
[EventType "swiss"]
[EventRounds "9"]
[EventCountry "ESP"]
[Source "lmi"]
[SourceDate "2007.09.13"]

1. d4 d5 2. c4 c6 3. e3 Nf6 4. Nc3 a6 5. Nf3 b5 6. b3 g6 7. Bd3 Bg7 8. O-O O-O
9. Qc2 Nbd7 10. Bd2 Bb7 11. Rfc1 bxc4 12. bxc4 dxc4 13. Bxc4 c5 14. Ng5 e6 15.
Rab1 Bc6 16. Ne2 h6 17. Nxf7 Rxf7 18. Bxe6 Qe7 19. Qb3 Raf8 20. d5 Bb5 21. Nf4
Ne5 22. a4 Bd7 23. Bc3 Nfg4 24. Rc2 g5 25. Bxf7+ Rxf7 26. Ne6 c4 27. Qb8+ Kh7
28. h3 Bxe6 29. dxe6 Rf8 30. Qb7 Qxe6 31. hxg4 Qg6 32. Bxe5 Rf7 33. Qxf7 Qxf7
34. Bxg7 Kxg7 35. Rbc1 c3 36. Rxc3 Qa2 37. Rc7+ Kf6 38. R7c6+ Ke5 39. f3 1-0

[Event "Moratalaz Open 2007"]
[Site "Madrid ESP"]
[Date "2007.09.22"]
[Round "8.3"]
[White "Perez Mitjans, Orelvis"]
[Black "Gago Padreny, Ignacio"]
[Result "1-0"]
[WhiteElo "2412"]
[BlackElo "2124"]
[PlyCount "109"]
[EventDate "2007.09.15"]
[EventType "swiss"]
[EventRounds "9"]
[EventCountry "ESP"]
[Source "lmi"]
[SourceDate "2007.09.13"]

1. e4 c5 2. Nf3 d6 3. d4 cxd4 4. Nxd4 Nf6 5. Nc3 a6 6. Bg5 e6 7. f4 Nbd7 8. Qf3
Qc7 9. O-O-O b5 10. e5 Bb7 11. Qh3 dxe5 12. Nxe6 fxe6 13. Qxe6+ Be7 14. Nxb5
axb5 15. Bxb5 Be4 16. Bxd7+ Kf8 17. c3 Ra3 18. Qh3 Rxa2 19. Bxf6 Ra1+ 20. Kd2
Rxd1+ 21. Rxd1 Qd6+ 22. Ke2 Qxf6 23. Qe3 Qg6 24. g4 Kf7 25. fxe5 Rd8 26. Rd4
Bb7 27. Bf5 Ba6+ 28. Kf3 Bb7+ 29. Ke2 Ba6+ 30. Kf3 Bb7+ 31. Kg3 Qh6 32. Qxh6
gxh6 33. Rxd8 Bxd8 34. b4 Ba6 35. Kf4 Bg5+ 36. Ke4 Bd2 37. Kd4 Ke7 38. Bxh7 Be2
39. Bf5 Ba6 40. h4 Be2 41. g5 hxg5 42. hxg5 Bxg5 43. c4 Bxc4 44. Kxc4 Bf4 45.
Kd5 Be3 46. b5 Bf2 47. Bh3 Be3 48. Bf5 Bf2 49. Bd3 Be3 50. Bc4 Bf2 51. Kc6 Bg3
52. e6 Bf2 53. b6 Bg3 54. Kb7 Kd8 55. Ka8 1-0

[Event "Moratalaz Open 2007"]
[Site "Madrid ESP"]
[Date "2007.09.22"]
[Round "8.4"]
[White "Madina, Martin"]
[Black "Rubio Mejia, Luis"]
[Result "1/2-1/2"]
[WhiteElo "2344"]
[BlackElo "2270"]
[PlyCount "82"]
[EventDate "2007.09.15"]
[EventType "swiss"]
[EventRounds "9"]
[EventCountry "ESP"]
[Source "lmi"]
[SourceDate "2007.09.13"]

1. e4 c5 2. Nf3 d6 3. c4 Bg4 4. Qa4+ Nc6 5. Be2 g6 6. d4 Bxf3 7. Bxf3 cxd4 8.
e5 Rc8 9. Bf4 Bg7 10. exd6 e5 11. Bd2 Qxd6 12. Na3 Nge7 13. Nb5 Qd7 14. c5 O-O
15. Nd6 Rb8 16. O-O Nc8 17. Nxb7 Qxb7 18. Bxc6 Qxb2 19. Rfd1 Rd8 20. Ba5 Rf8
21. Bd7 e4 22. h3 e3 23. fxe3 dxe3 24. Rac1 Qf2+ 25. Kh1 Rb2 26. Qe4 Be5 27.
Bc3 Bxc3 28. Rxc3 Rd2 29. Rd3 Rxd3 30. Rxd3 e2 31. Re3 e1=R+ 32. Rxe1 Qxc5 33.
Ba4 Nd6 34. Qe7 Qa5 35. Bb3 Nf5 36. Re5 Qc3 37. Qf6 Qc1+ 38. Kh2 Qf4+ 39. Kg1
Qc1+ 40. Kh2 Qf4+ 41. Kg1 Qc1+ 1/2-1/2

[Event "Moratalaz Open 2007"]
[Site "Madrid ESP"]
[Date "2007.09.22"]
[Round "8.5"]
[White "Ballesteros Gonzalez, David"]
[Black "Gonzalez Somoza, Oliver"]
[Result "1-0"]
[WhiteElo "2196"]
[BlackElo "2343"]
[PlyCount "63"]
[EventDate "2007.09.15"]
[EventType "swiss"]
[EventRounds "9"]
[EventCountry "ESP"]
[Source "lmi"]
[SourceDate "2007.09.13"]

1. d4 Nf6 2. c4 e6 3. Nf3 b6 4. g3 Ba6 5. b3 d5 6. Bg2 Bb7 7. Ne5 Bb4+ 8. Bd2
Be7 9. Nc3 O-O 10. O-O Ne4 11. Nxe4 dxe4 12. Bc3 f6 13. Nd3 Qc8 14. Nf4 g5 15.
Nh5 Qe8 16. g4 f5 17. d5 Qg6 18. Qd4 exd5 19. cxd5 Bc5 20. Qe5 Nd7 21. Qe6+ Qf7
22. Rad1 Rae8 23. Qxf5 Qxf5 24. gxf5 Rxf5 25. Ng7 Rxf2 26. Rxf2 Rf8 27. Bd4
Rxf2 28. Kxf2 Bxd4+ 29. Rxd4 Kxg7 30. Bxe4 Nf6 31. Bf3 Ne8 32. d6 1-0

[Event "Moratalaz Open 2007"]
[Site "Madrid ESP"]
[Date "2007.09.22"]
[Round "8.6"]
[White "Korneev, Oleg"]
[Black "Garcia Salamero, Gabriel"]
[Result "1-0"]
[WhiteElo "2565"]
[BlackElo "1919"]
[PlyCount "77"]
[EventDate "2007.09.15"]
[EventType "swiss"]
[EventRounds "9"]
[EventCountry "ESP"]
[Source "lmi"]
[SourceDate "2007.09.13"]

1. e4 e5 2. Nf3 Nf6 3. d4 Nxe4 4. Bd3 d5 5. Nxe5 Nd7 6. Nc3 Nxc3 7. bxc3 Nxe5
8. dxe5 Be7 9. O-O O-O 10. f4 f5 11. Rb1 c5 12. c4 d4 13. Qf3 Rb8 14. g4 b6 15.
Qd5+ Kh8 16. Qxd8 Bxd8 17. g5 Be6 18. a4 Bc7 19. Bd2 Rfd8 20. Kf2 Kg8 21. Rb3
a5 22. Be2 g6 23. h4 Kg7 24. h5 Bd7 25. Ra1 Be6 26. Rh3 Rh8 27. Rah1 Rbd8 28.
c3 dxc3 29. Bxc3 Rde8 30. Bf3 Bd8 31. Bd5 Rhg8 32. hxg6 hxg6 33. Rh7+ Kf8 34.
Rb7 Bxd5 35. cxd5 Re7 36. Rxe7 Bxe7 37. d6 Bd8 38. e6 Ke8 39. Rh7 1-0

[Event "Moratalaz Open 2007"]
[Site "Madrid ESP"]
[Date "2007.09.22"]
[Round "8.7"]
[White "Elissalt Cardenas, Hector"]
[Black "Perez Pascual, Arturo"]
[Result "1-0"]
[WhiteElo "2329"]
[BlackElo "2020"]
[PlyCount "37"]
[EventDate "2007.09.15"]
[EventType "swiss"]
[EventRounds "9"]
[EventCountry "ESP"]
[Source "lmi"]
[SourceDate "2007.09.13"]

1. d4 d5 2. Nf3 Nf6 3. e3 e6 4. Nbd2 c5 5. c3 Nc6 6. Bd3 Bd6 7. O-O O-O 8. dxc5
Bxc5 9. e4 dxe4 10. Nxe4 Nxe4 11. Bxe4 Qc7 12. Qa4 Bd7 13. Bxh7+ Kxh7 14. Qh4+
Kg8 15. Ng5 Rfb8 16. Qh7+ Kf8 17. Qh8+ Ke7 18. Qxg7 Rf8 19. Ne4 1-0

[Event "Moratalaz Open 2007"]
[Site "Madrid ESP"]
[Date "2007.09.22"]
[Round "8.8"]
[White "Alcaraz Amoros, Antonio"]
[Black "Alarcia Astiz, Carlos"]
[Result "0-1"]
[WhiteElo "2135"]
[BlackElo "2173"]
[PlyCount "143"]
[EventDate "2007.09.15"]
[EventType "swiss"]
[EventRounds "9"]
[EventCountry "ESP"]
[Source "lmi"]
[SourceDate "2007.09.13"]

1. c4 Nf6 2. g3 e6 3. Bg2 d5 4. Nf3 Be7 5. O-O O-O 6. b3 c6 7. Bb2 Nbd7 8. d3
b6 9. Nbd2 Bb7 10. Qc2 Rc8 11. Rad1 Qc7 12. e4 Rfd8 13. Rfe1 dxe4 14. dxe4 e5
15. a3 a5 16. Nb1 Re8 17. Bc3 Bf8 18. b4 axb4 19. axb4 Ra8 20. Nbd2 g6 21. Ra1
Bd6 22. Rxa8 Rxa8 23. Qb2 Qb8 24. h3 Nh5 25. Nb3 f6 26. h4 Bc8 27. Rd1 Nf8 28.
Qd2 Be7 29. c5 Be6 30. Qb2 Nd7 31. cxb6 Qxb6 32. Nc5 Nxc5 33. bxc5 Qxc5 34. Bd2
Nxg3 35. Be3 Qa3 36. Qb6 Qa4 37. Re1 Nxe4 38. Qb7 Bd6 39. Nxe5 Rb8 40. Qxc6 Qa5
41. Nf3 Bd5 42. Qd7 Rd8 43. Qa7 Qxa7 44. Bxa7 Bb4 45. Rb1 Bc3 46. Rd1 Ba5 47.
Nh2 f5 48. Nf3 Nc3 49. Ra1 Bb4 50. Ng5 Bxg2 51. Kxg2 Ra8 52. Ne6 Bd6 53. Rc1
Rxa7 54. Rxc3 Re7 55. Rc8+ Kf7 56. Ng5+ Kg7 57. Rc6 Be5 58. Rc5 Bf6 59. Rc6 Bb2
60. Rb6 Bf6 61. Kh3 Rd7 62. f3 h6 63. Ne6+ Kf7 64. Nf4 Ra7 65. Nd5 Be5 66. h5
g5 67. Rxh6 Ra2 68. f4 gxf4 69. Rb6 f3 70. Rb7+ Ke6 71. Nc7+ Kd6 72. Nb5+ 0-1

[Event "Moratalaz Open 2007"]
[Site "Madrid ESP"]
[Date "2007.09.22"]
[Round "8.9"]
[White "Garcia Esteban, Juan Ignacio"]
[Black "Barez Menendez, Hector"]
[Result "1/2-1/2"]
[WhiteElo "2080"]
[BlackElo "2169"]
[PlyCount "65"]
[EventDate "2007.09.15"]
[EventType "swiss"]
[EventRounds "9"]
[EventCountry "ESP"]
[Source "lmi"]
[SourceDate "2007.09.13"]

1. e4 e5 2. Nf3 Nf6 3. Nxe5 d6 4. Nf3 Nxe4 5. Qe2 Qe7 6. d3 Nf6 7. Qxe7+ Bxe7
8. Be2 Nc6 9. O-O Bg4 10. Bg5 h6 11. Bd2 O-O-O 12. Nc3 d5 13. a3 Bf5 14. Nh4
Bh7 15. Nf3 d4 16. Na2 Nd5 17. Rfe1 g5 18. Bf1 Bd6 19. b4 g4 20. Nh4 Be7 21. b5
Nb8 22. g3 Bxh4 23. gxh4 Nd7 24. Nb4 N7f6 25. Bg2 Bf5 26. Re5 Be6 27. Rae1 Nxb4
28. Bxb4 Nd5 29. Bd2 h5 30. R5e4 Nf6 31. Re5 Nd7 32. R5e4 Nf8 33. Bg5 1/2-1/2

[Event "Moratalaz Open 2007"]
[Site "Madrid ESP"]
[Date "2007.09.22"]
[Round "8.10"]
[White "Sanchez Crespo, Ignacio"]
[Black "Unciti Juan, Javier"]
[Result "1/2-1/2"]
[WhiteElo "1972"]
[BlackElo "2139"]
[PlyCount "66"]
[EventDate "2007.09.15"]
[EventType "swiss"]
[EventRounds "9"]
[EventCountry "ESP"]
[Source "lmi"]
[SourceDate "2007.09.13"]

1. e4 e5 2. Nf3 Nc6 3. Bb5 a6 4. Bxc6 dxc6 5. d4 exd4 6. Qxd4 Qxd4 7. Nxd4 c5
8. Ne2 Nf6 9. f3 Bd6 10. Bf4 Bxf4 11. Nxf4 g5 12. Ne2 Be6 13. Nbc3 O-O-O 14.
Rd1 h5 15. Kf2 h4 16. a3 b6 17. Rxd8+ Rxd8 18. Rd1 Rd6 19. Ke3 Nd7 20. Nd5 Ne5
21. b3 Kd7 22. Nf6+ Ke7 23. Nd5+ Bxd5 24. Rxd5 Rxd5 25. exd5 f5 26. a4 b5 27.
axb5 axb5 28. h3 Nf7 29. f4 g4 30. c4 b4 31. Nc1 Nd6 32. Nd3 gxh3 33. gxh3 Ne4
1/2-1/2

[Event "Moratalaz Open 2007"]
[Site "Madrid ESP"]
[Date "2007.09.22"]
[Round "8.11"]
[White "Esquivias Gomez, Francisco Javier"]
[Black "Solaesa Navalpotro, Luis Julio"]
[Result "1/2-1/2"]
[WhiteElo "2060"]
[BlackElo "2291"]
[PlyCount "64"]
[EventDate "2007.09.15"]
[EventType "swiss"]
[EventRounds "9"]
[EventCountry "ESP"]
[Source "lmi"]
[SourceDate "2007.09.13"]

1. e4 e5 2. d4 exd4 3. Nf3 Nc6 4. Bc4 Be7 5. O-O d6 6. Nxd4 Nf6 7. Nc3 O-O 8.
Bb3 Re8 9. Nf5 Bf8 10. Ng3 Bd7 11. Re1 Na5 12. Bg5 Nxb3 13. axb3 Be7 14. Nh5
Nxh5 15. Bxe7 Qxe7 16. Qxh5 c6 17. Qe2 a6 18. Rad1 Rad8 19. Qd2 Bc8 20. Re3 Qe5
21. Qd4 Qxd4 22. Rxd4 f6 23. Rd1 Kf7 24. Red3 Ke7 25. f3 Be6 26. Kf2 Rd7 27.
Ne2 Bf7 28. Nd4 g6 29. Ne2 Ra8 30. c4 b5 31. c5 d5 32. Nd4 Rc8 1/2-1/2

[Event "Moratalaz Open 2007"]
[Site "Madrid ESP"]
[Date "2007.09.22"]
[Round "8.12"]
[White "Crespo Villalba, Israel"]
[Black "De la Fuente Gonzalez, Francisco"]
[Result "0-1"]
[WhiteElo "1952"]
[BlackElo "2230"]
[PlyCount "58"]
[EventDate "2007.09.15"]
[EventType "swiss"]
[EventRounds "9"]
[EventCountry "ESP"]
[Source "lmi"]
[SourceDate "2007.09.13"]

1. e4 e5 2. Nf3 Nf6 3. Nxe5 d6 4. Nf3 Nxe4 5. Qe2 Qe7 6. d3 Nf6 7. Bg5 Nbd7 8.
Nc3 Qxe2+ 9. Bxe2 h6 10. Bd2 Be7 11. O-O-O O-O 12. h3 Nb6 13. Rhe1 Bd7 14. Nd4
c6 15. Bf3 Rfe8 16. Re2 d5 17. Rde1 Bc5 18. Be3 Bd6 19. Nb3 Rad8 20. a4 Bb4 21.
a5 Nc8 22. Nc5 Rxe3 23. Nxd7 Rxf3 24. Nxf6+ Rxf6 25. Re8+ Rxe8 26. Rxe8+ Kh7
27. Rxc8 Rxf2 28. Rc7 d4 29. Rxb7 dxc3 0-1

[Event "Moratalaz Open 2007"]
[Site "Madrid ESP"]
[Date "2007.09.22"]
[Round "8.13"]
[White "Estrada Martinez, Cesar"]
[Black "Arauz Alonso, Fernando"]
[Result "1-0"]
[WhiteElo "2211"]
[BlackElo "1967"]
[PlyCount "103"]
[EventDate "2007.09.15"]
[EventType "swiss"]
[EventRounds "9"]
[EventCountry "ESP"]
[Source "lmi"]
[SourceDate "2007.09.13"]

1. Nf3 d5 2. g3 Nf6 3. Bg2 e6 4. O-O Be7 5. c4 c6 6. b3 O-O 7. Bb2 Nbd7 8. d3
b6 9. Nbd2 Bb7 10. Rc1 c5 11. cxd5 Nxd5 12. a3 Bf6 13. Qc2 Rc8 14. Nc4 b5 15.
Nd6 Rb8 16. Bxf6 N5xf6 17. Nxb7 Rxb7 18. Nd4 Rb6 19. Nc6 Qc7 20. Na5 Nd5 21. b4
Ra6 22. Qb2 Qb6 23. Ra1 Rc8 24. Rfc1 Rc7 25. e4 Ne7 26. Rc2 cxb4 27. Rxc7 Qxc7
28. axb4 Rd6 29. d4 Nb6 30. Rc1 Qd7 31. Rd1 Nc6 32. Nxc6 Rxc6 33. d5 Rc4 34. d6
Na4 35. Qd2 f6 36. f4 Nc3 37. Re1 a6 38. e5 h6 39. Kh1 Na4 40. Rc1 Nb6 41. Rxc4
Nxc4 42. Qd4 g5 43. h3 Kf8 44. Qc5 gxf4 45. gxf4 fxe5 46. fxe5 a5 47. Bc6 Qd8
48. Bxb5 Nxe5 49. Qxe5 Qa8+ 50. Kh2 Qf3 51. Qh8+ Kf7 52. Be8# 1-0

[Event "Moratalaz Open 2007"]
[Site "Madrid ESP"]
[Date "2007.09.22"]
[Round "8.14"]
[White "Benito Aragoneses, Miguel Angel"]
[Black "Enjuto Velasco, Roberto"]
[Result "0-1"]
[WhiteElo "1738"]
[BlackElo "2183"]
[PlyCount "78"]
[EventDate "2007.09.15"]
[EventType "swiss"]
[EventRounds "9"]
[EventCountry "ESP"]
[Source "lmi"]
[SourceDate "2007.09.13"]

1. d4 Nf6 2. c4 e6 3. Nc3 d5 4. Bg5 Nbd7 5. Nf3 Be7 6. e3 O-O 7. Be2 c6 8. cxd5
Nxd5 9. Bxe7 Qxe7 10. O-O Nxc3 11. bxc3 e5 12. Qb3 e4 13. Nd2 Nf6 14. Rab1 b5
15. c4 a6 16. a4 Be6 17. axb5 axb5 18. Qc2 bxc4 19. Nxe4 Nxe4 20. Qxe4 Qg5 21.
Rfc1 Bf5 22. Qe5 f6 23. Bxc4+ Kh8 24. Qd6 Bxb1 25. Rxb1 Qf5 26. Rc1 Rfc8 27.
Be6 Qc2 28. Rf1 Rcb8 29. g3 Rb1 30. Qf4 Raa1 31. Kg2 Qd3 32. Rxb1 Rxb1 33. Bf5
Qf1+ 34. Kf3 Qd1+ 35. Kg2 Qf1+ 36. Kf3 Rb2 37. Kg4 Qxf2 38. Qxf2 Rxf2 39. h4
h5+ 0-1

[Event "Moratalaz Open 2007"]
[Site "Madrid ESP"]
[Date "2007.09.22"]
[Round "8.15"]
[White "Durao, Joaquim"]
[Black "Toranzo Fernandez, Dionisio"]
[Result "1/2-1/2"]
[WhiteElo "2121"]
[BlackElo "2022"]
[PlyCount "30"]
[EventDate "2007.09.15"]
[EventType "swiss"]
[EventRounds "9"]
[EventCountry "ESP"]
[Source "lmi"]
[SourceDate "2007.09.13"]

1. e4 c5 2. Nf3 e6 3. d4 cxd4 4. Nxd4 Nc6 5. Nc3 Qc7 6. Be2 a6 7. Be3 Nf6 8.
O-O Bb4 9. Bf3 Ne5 10. Nb1 b5 11. c3 Be7 12. Nd2 Bb7 13. Bf4 d6 14. Bxe5 dxe5
15. N4b3 O-O 1/2-1/2